The three musketeers / (Record no. 30524)
[ view plain ]
| 000 -LEADER | |
|---|---|
| fixed length control field | 00937nam a22002537a 4500 |
| 005 - DATE AND TIME OF LATEST TRANSACTION | |
| control field | 20090922102328.0 |
| 008 - FIXED-LENGTH DATA ELEMENTS--GENERAL INFORMATION | |
| fixed length control field | 090922t xxu||||| |||| 00| 0 eng d |
| 010 ## - LCCN (DPL NO) | |
| LC control number | B-358121 |
| 020 ## - INTERNATIONAL STANDARD BOOK NUMBER | |
| International Standard Book Number | 8178820676 |
| Terms of availability | 200.00 |
| 035 ## - SYSTEM CONTROL NUMBER | |
| System control number | B-358121 |
| 037 ## - SOURCE OF ACQUISITION | |
| Source of stock number/acquisition | DBAD / PUB |
| 040 ## - CATALOGING SOURCE | |
| Original cataloging agency | dpl |
| Language of cataloging | English |
| 082 ## - DEWEY DECIMAL CLASSIFICATION NUMBER | |
| Classification number | N |
| 100 ## - MAIN ENTRY--PERSONAL NAME | |
| Personal name | Dumas, Alexandre |
| 245 ## - TITLE STATEMENT | |
| Title | The three musketeers / |
| Statement of responsibility, etc | by Alexandre Dumas; edited & compiled by Reema Prashar; illustrated by Shankar Nayak |
| 260 ## - PUBLICATION, DISTRIBUTION, ETC. (IMPRINT) | |
| Place of publication, distribution, etc | Delhi |
| Name of publisher, distributor, etc | Surinder Kumar & Sons |
| Date of publication, distribution, etc | 2007 |
| 270 ## - ADDRESS | |
| Address | 30/21A-22A, Gali No. 9, Vishwas Nagar, Shahdra |
| City | Delhi |
| Postal code | 110032 |
| 300 ## - PHYSICAL DESCRIPTION | |
| Extent | 176p.: |
| Other physical details | ill. |
| Dimensions | 22cm(Hb) |
| 490 ## - SERIES STATEMENT | |
| Series statement | Sliver bell children classics |
| 700 ## - ADDED ENTRY--PERSONAL NAME | |
| Personal name | Prashar, Reema |
| 700 ## - ADDED ENTRY--PERSONAL NAME | |
| Personal name | Nayak, Shankar |
| 942 ## - ADDED ENTRY ELEMENTS (KOHA) | |
| Source of classification or shelving scheme | Dewey Decimal Classification |
| Item type | Children Books |
| Classification part | N |
| Call number suffix | DUM |
| Withdrawn status | Lost status | Source of classification or shelving scheme | Damaged status | Not for loan | Collection code | Home library | Current library | Date acquired | Source of acquisition | Cost, normal purchase price | Total Checkouts | Full call number | Barcode | Date last seen | Copy number | Cost, replacement price | Koha item type |
|---|---|---|---|---|---|---|---|---|---|---|---|---|---|---|---|---|---|
| Withdrawn | Dewey Decimal Classification | Fiction | Janak Puri | Janak Puri | 22/09/2009 | DBAD / PUB | 200.00 | 12 | N DUM | B-358121 | 17/01/2013 | 1 | 200.00 | Children Books |
